[Event "DEN-ch"]
[Site "Horsens"]
[Date "1978.??.??"]
[Round "4"]
[White "Pedersen, Erik"]
[Black "Mortensen, Erling"]
[Result "0-1"]
[WhiteElo "2200"]
[BlackElo "2365"]
[PlyCount "76"]
[EventDate "1978.??.??"]
[EventType "tourn"]
[EventRounds "11"]
[EventCountry "DEN"]
[EventCategory "4"]
[Source "ChessBase"]
[SourceDate "1999.07.01"]

1. Nf3 Nf6 2. g3 d5 3. Bg2 g6 4. O-O Bg7 5. d3 O-O 6. Nbd2 Nc6 7. c3 e5 8. Qc2
a5 9. a4 Re8 10. e4 b6 11. exd5 Nxd5 12. Re1 Bb7 13. Nc4 Qd7 14. Bd2 h6 15. Re2
Re7 16. Rae1 Rae8 17. h4 Qf5 18. h5 g5 19. Nh2 Qd7 20. Nf3 Kh8 21. Bc1 f5 22.
Bh1 Bf6 23. Nh2 g4 24. f3 gxf3 25. Nxf3 f4 26. gxf4 Qg4+ 27. Bg2 exf4 28. Rxe7
Ncxe7 29. Nce5 Qxh5 30. d4 Rg8 31. c4 Ne3 32. Bxe3 Bxe5 33. Bxf4 Bxd4+ 34. Nxd4
Rxg2+ 35. Qxg2 Bxg2 36. Be5+ Kh7 37. Kxg2 Ng6 38. Bg3 Qg4 0-1

[Event "DEN-ch"]
[Site "Horsens"]
[Date "1978.??.??"]
[Round "7"]
[White "Rosenlund, Thorbjorn"]
[Black "Pedersen, Erik"]
[Result "1/2-1/2"]
[WhiteElo "2340"]
[BlackElo "2200"]
[PlyCount "45"]
[EventDate "1978.??.??"]
[EventType "tourn"]
[EventRounds "11"]
[EventCountry "DEN"]
[EventCategory "4"]
[Source "ChessBase"]
[SourceDate "1999.07.01"]

1. Nf3 c5 2. b3 Nf6 3. Bb2 d5 4. e3 e6 5. d4 Be7 6. Bd3 O-O 7. Nbd2 Nc6 8. O-O
b6 9. Ne5 Bb7 10. a3 Rc8 11. Qf3 Ne8 12. Rfd1 Qc7 13. Qh3 f5 14. c4 Rf6 15.
cxd5 Nxe5 16. dxe5 Rh6 17. Qf3 Bxd5 18. e4 Bc6 19. Qe3 fxe4 20. Bxe4 Qb7 21.
Bxc6 Qxc6 22. Ne4 Nc7 23. Nc3 1/2-1/2

[Event "DEN-ch"]
[Site "Horsens"]
[Date "1978.??.??"]
[Round "2"]
[White "Rosenlund, Thorbjorn"]
[Black "Brinck Claussen, Bjorn"]
[Result "1/2-1/2"]
[WhiteElo "2340"]
[BlackElo "2385"]
[PlyCount "25"]
[EventDate "1978.??.??"]
[EventType "tourn"]
[EventRounds "11"]
[EventCountry "DEN"]
[EventCategory "4"]
[Source "ChessBase"]
[SourceDate "1999.07.01"]

1. Nf3 Nf6 2. c4 c5 3. g3 d5 4. Bg2 Nc6 5. cxd5 Nxd5 6. Nc3 Nc7 7. O-O e5 8. a3
f6 9. d3 Be7 10. Be3 O-O 11. Nd2 Bd7 12. Rc1 Rc8 13. Nd5 1/2-1/2

[Event "DEN-ch"]
[Site "Horsens"]
[Date "1978.??.??"]
[Round "9"]
[White "Rosenlund, Thorbjorn"]
[Black "Hvenekilde, Jorgen"]
[Result "1-0"]
[WhiteElo "2340"]
[BlackElo "2250"]
[PlyCount "79"]
[EventDate "1978.??.??"]
[EventType "tourn"]
[EventRounds "11"]
[EventCountry "DEN"]
[EventCategory "4"]
[Source "ChessBase"]
[SourceDate "1999.07.01"]

1. d4 Nf6 2. Nf3 g6 3. Bf4 d6 4. c3 Bg7 5. h3 O-O 6. e3 b6 7. Be2 Bb7 8. O-O c5
9. a4 Nbd7 10. a5 Re8 11. Na3 a6 12. axb6 cxd4 13. exd4 Nxb6 14. c4 Nfd7 15.
Rc1 Rc8 16. b4 h6 17. Qd2 g5 18. Be3 e5 19. dxe5 Nxe5 20. Nxe5 Bxe5 21. Rfd1
Nd7 22. c5 d5 23. Bg4 Rc7 24. b5 Qe7 25. c6 Qxa3 26. Bxd7 Rd8 27. Bxg5 Rdxd7
28. cxd7 Rxd7 29. bxa6 Qxa6 30. Bxh6 Kh7 31. Bf4 Qf6 32. Bxe5 Qxe5 33. Qd3+ f5
34. Re1 Qf6 35. Re3 d4 36. Rg3 Be4 37. Qb5 Qe6 38. Qc4 Qd5 39. Qc8 d3 40. Rc7
1-0

[Event "DEN-ch"]
[Site "Horsens"]
[Date "1978.??.??"]
[Round "5"]
[White "Rosenlund, Thorbjorn"]
[Black "Hansen, Jacob Ost"]
[Result "1/2-1/2"]
[WhiteElo "2340"]
[BlackElo "2360"]
[PlyCount "88"]
[EventDate "1978.??.??"]
[EventType "tourn"]
[EventRounds "11"]
[EventCountry "DEN"]
[EventCategory "4"]
[Source "ChessBase"]
[SourceDate "1999.07.01"]

1. d4 Nf6 2. c4 c5 3. e3 g6 4. Nf3 Bg7 5. Nc3 O-O 6. Be2 cxd4 7. exd4 d5 8. h3
Nc6 9. O-O b6 10. Ne5 Bb7 11. Bf3 Nxe5 12. dxe5 Nd7 13. Bxd5 Bxd5 14. cxd5 Nxe5
15. Re1 Re8 16. Bf4 Nc4 17. Rc1 Qd7 18. b3 Nd6 19. Qd3 Rac8 20. Ne2 Rxc1 21.
Rxc1 Rc8 22. Rxc8+ Nxc8 23. Qc4 b5 24. Qc5 Nb6 25. Be3 Nxd5 26. Qxa7 Qxa7 27.
Bxa7 b4 28. Kf1 Kf8 29. Ke1 e5 30. Bc5+ Ke8 31. Kd2 e4 32. Ng3 f5 33. Nf1 Kd7
34. Ne3 Bh6 35. Kc2 Bxe3 36. fxe3 Kc6 37. Bd4 f4 38. exf4 Nxf4 39. g3 Ne2 40.
Be5 Kd5 41. Bb8 Nd4+ 42. Kd2 Nf5 43. Bf4 Nd4 44. h4 h5 1/2-1/2